000 02009nam a22004332 4500
001 0000019777
005 20151217154435.0
008 110208s xx 000 0 eng d
020 _a9966712194 :
040 _aKABU
_cKABU
245 1 0 _aJurisprudence on regional and international tribunals digest.
250 _a1st ed.
260 _aNairobi, Kenya :
_bLawAfrica,
_c2007.
300 _avi, 368 p.
650 0 _aEast Africa community
_xCases.
_@0000179726
650 0 _aConstitutional law-Africa, Eastern
_xCases.
_@0000179727
852 1 _9p1000 KES
852 1 _9p1000 KES
852 1 _9p1000 KES
852 1 _9p1000 KES
852 1 _9p1000 KES
852 1 _9p1000 KES
852 1 _9p1000 KES
852 1 _9p1000 KES
852 1 _9p1000 KES
852 1 _9p1000 KES
852 1 _9p1000 KES
852 1 _9p1000 KES
852 1 _9p1000 KES
852 1 _9p1000 KES
852 1 _9p1000 KES
852 1 _9p1000 KES
852 1 _9p1000 KES
852 1 _9p1000 KES
852 1 _9p1000 KES
852 1 _9p1000 KES
908 _a110208
950 _@1
999 _c11279
_d11279